[Event "Erfurt op Seniors 29th"]
[Site "Erfurt"]
[Date "2019.12.28"]
[Round "3"]
[White "Albrecht, Ulrich"]
[Black "Loose, Helmut"]
[Result "1/2-1/2"]
[WhiteElo "2061"]
[BlackElo "1809"]
[PlyCount "90"]
[EventDate "2019.12.26"]
[EventType "swiss"]
[EventRounds "5"]
[EventCountry "GER"]
[SourceTitle "CBM 194 Extra"]
[Source "ChessBase"]
[SourceDate "2020.03.31"]
[SourceVersion "1"]
[SourceVersionDate "2020.03.31"]
[SourceQuality "1"]

1. d4 Nf6 2. g3 e6 3. Bg2 d5 4. Nf3 b6 5. 0-0 Bb7 6. c4 Nbd7 7. Ne5 Bd6 8. Nxd7 Qxd7 9. Nc3 0-0 10. Bg5 Be7 11. Bxf6 Bxf6 12. cxd5 exd5 13. e3 Rfe8 14. Qb3 c6 15. Qa4 b5 16. Qc2 Re7 17. Ne2 Rae8 18. Nf4 g6 19. Qc5 a6 20. Bh3 Qd8 21. a4 bxa4 22. Rxa4 Bg7 23. Rc1 Bh6 24. Bf1 Bxf4 25. exf4 Qc8 26. Raa1 h5 27. h4 Re4 28. Qc3 R4e7 29. Bd3 f5 30. Qa5 Re6 31. Bxa6 Bxa6 32. Qxa6 Qxa6 33. Rxa6 Re1+ 34. Rxe1 Rxe1+ 35. Kg2 Re6 36. Kf1 Kf8 37. f3 Ke7 38. Kf2 Kd7 39. Ra7+ Kc8 40. Ra3 Kc7 41. Re3 Rxe3 42. Kxe3 Kb6 43. Kd3 Ka5 44. b3 Kb4 45. Kc2 Ka5 1/2-1/2

[Event "Erfurt ST op 26th"]
[Site "Erfurt"]
[Date "2016.12.29"]
[Round "4"]
[White "Hauke, Hans"]
[Black "Albrecht, Ulrich"]
[Result "0-1"]
[WhiteElo "1683"]
[BlackElo "2095"]
[PlyCount "47"]
[EventDate "2016.12.26"]
[EventType "swiss"]
[EventRounds "8"]
[EventCountry "GER"]
[SourceTitle "EXT 2018"]
[Source "ChessBase"]
[SourceDate "2017.10.13"]
[SourceVersion "1"]
[SourceVersionDate "2017.10.13"]
[SourceQuality "1"]

1. e4 e6 2. d4 b6 3. Nc3 Bb7 4. f4 Bb4 5. Bd3 Nf6 6. Qe2 c5 7. Nf3 c4 8. Bxc4 Nxe4 9. Bd2 Nxd2 10. Kxd2 Qc7 11. Ne5 Nc6 12. Bb5 0-0 13. Bxc6 dxc6 14. a3 Be7 15. Rad1 b5 16. Ne4 c5 17. Kc1 f6 18. Ng5 fxg5 19. fxg5 Bxg5+ 20. Kb1 Bf6 21. Qg4 Bd5 22. Nf3 cxd4 23. Nxd4 Bxd4 24. Qxd4 0-1

[Event "Erfurt ST op 26th"]
[Site "Erfurt"]
[Date "2016.12.27"]
[Round "2"]
[White "Jaeger, Andre"]
[Black "Albrecht, Ulrich"]
[Result "1/2-1/2"]
[WhiteElo "1945"]
[BlackElo "2095"]
[PlyCount "53"]
[EventDate "2016.12.26"]
[EventType "swiss"]
[EventRounds "8"]
[EventCountry "GER"]
[SourceTitle "EXT 2018"]
[Source "ChessBase"]
[SourceDate "2017.10.13"]
[SourceVersion "1"]
[SourceVersionDate "2017.10.13"]
[SourceQuality "1"]

1. d4 d6 2. Nf3 Bg4 3. c4 c6 4. Qb3 Qb6 5. Qxb6 axb6 6. Nc3 Nd7 7. h3 Bxf3 8. exf3 e6 9. Be2 d5 10. cxd5 exd5 11. 0-0 Bd6 12. Be3 Ngf6 13. f4 0-0 14. Bf3 Rfe8 15. Rfd1 b5 16. b3 Nb6 17. g4 Ba3 18. Bc1 Bxc1 19. Rdxc1 b4 20. Ne2 Ne4 21. Rc2 Ra3 22. Rd1 Rea8 23. Bxe4 dxe4 24. Ng3 Nd5 25. Nxe4 Nxf4 26. Nc5 Rxa2 27. Rxa2 1/2-1/2

[Event "Oberliga Ost-C 9596"]
[Site "Germany"]
[Date "1996.??.??"]
[Round "?"]
[White "Albrecht, Ulrich"]
[Black "Linker, Torsten"]
[Result "1/2-1/2"]
[WhiteElo "2115"]
[BlackElo "2275"]
[PlyCount "128"]
[EventDate "1995.10.??"]
[EventType "team"]
[EventRounds "9"]
[EventCountry "GER"]
[SourceTitle "EXT 1998"]
[Source "ChessBase"]
[SourceDate "1997.11.17"]
[SourceVersion "1"]
[SourceVersionDate "1997.11.17"]
[SourceQuality "1"]

1. d4 d6 2. Nf3 Bg4 3. Nbd2 Nd7 4. g3 e5 5. Bg2 c6 6. 0-0 Be7 7. b3 Bxf3 8. Nxf3 e4 9. Nd2 d5 10. f3 f5 11. c4 Ngf6 12. Nb1 0-0 13. Nc3 Rc8 14. Bh3 Bb4 15. Bb2 g6 16. Rc1 Re8 17. a3 Bxc3 18. Bxc3 Nf8 19. Bg2 Kg7 20. Rc2 Ne6 21. Qd2 Rc7 22. Ba5 b6 23. Bc3 Qe7 24. Bb2 Rd8 25. Qe3 Ne8 26. fxe4 fxe4 27. h4 Kg8 28. Bh3 N6g7 29. Kg2 Rd6 30. cxd5 cxd5 31. Rxc7 Nxc7 32. Qf4 Rc6 33. Rc1 Nh5 34. Qg4 Rxc1 35. Bxc1 e3 36. Qf3 Nf6 37. Qxe3 Ne4 38. Kh2 Ne8 39. Bg2 N8d6 40. Bxe4 Nxe4 41. Qf3 h5 42. b4 Qe6 43. Kg2 Nd6 44. Bf4 Ne4 45. Be5 Qg4 46. b5 Qxf3+ 47. Kxf3 Nc3 48. a4 Nxa4 49. Bb8 Kf7 50. Bxa7 Ke6 51. e4 dxe4+ 52. Kxe4 Nc3+ 53. Kd3 Nxb5 54. Bxb6 Kd5 55. Ke3 Nc3 56. Kf4 Ke6 57. Kg5 Kf7 58. Bc7 Nd5 59. Be5 Ne7 60. Kf4 Ke6 61. Kg5 Kf7 62. Kh6 Nf5+ 63. Kh7 Ne7 64. Bc7 Nd5 1/2-1/2

[Event "Oberliga Ost-C 9596"]
[Site "Germany"]
[Date "1996.??.??"]
[Round "?"]
[White "Zunker, Reinhard"]
[Black "Albrecht, Ulrich"]
[Result "1-0"]
[WhiteElo "2195"]
[BlackElo "2115"]
[PlyCount "75"]
[EventDate "1995.10.??"]
[EventType "team"]
[EventRounds "9"]
[EventCountry "GER"]
[SourceTitle "EXT 1998"]
[Source "ChessBase"]
[SourceDate "1997.11.17"]
[SourceVersion "1"]
[SourceVersionDate "1997.11.17"]
[SourceQuality "1"]

1. e4 c6 2. d4 d5 3. Nc3 dxe4 4. Nxe4 Nd7 5. Bd3 Ngf6 6. Ng5 e6 7. Qe2 c5 8. N1f3 cxd4 9. Nxd4 Nc5 10. Bb5+ Bd7 11. 0-0 Be7 12. Rd1 0-0 13. Bxd7 Ncxd7 14. Ndxe6 fxe6 15. Nxe6 Qb6 16. Nxf8 Bxf8 17. Be3 Qe6 18. Qf3 Nc5 19. Bd4 Nce4 20. Re1 Qc6 21. Re2 Bc5 22. Qb3+ Kh8 23. Bxc5 Nxc5 24. Qc4 Qd6 25. Rae1 Rd8 26. h3 h6 27. Re5 b6 28. Qf7 Rd7 29. Qg6 Ng8 30. Qf5 Rd8 31. b4 Nd7 32. Re8 Rxe8 33. Rxe8 Ndf6 34. Ra8 Qxb4 35. Rxa7 Qb2 36. a4 Qb4 37. Qg6 Qf8 38. Rf7 1-0

[Event "Crailsheim op 1st"]
[Site "Crailsheim"]
[Date "1995.??.??"]
[Round "?"]
[White "Albrecht, Ulrich"]
[Black "Schnepp, Gunnar"]
[Result "0-1"]
[WhiteElo "2125"]
[BlackElo "2305"]
[PlyCount "96"]
[EventDate "1995.??.??"]
[EventType "swiss"]
[EventRounds "7"]
[EventCountry "GER"]
[SourceTitle "EXT 1999"]
[Source "ChessBase"]
[SourceDate "1998.11.16"]
[SourceVersion "1"]
[SourceVersionDate "1998.11.16"]
[SourceQuality "1"]

1. d4 Nf6 2. Nf3 g6 3. Bf4 Bg7 4. e3 0-0 5. Nbd2 d6 6. h3 Nc6 7. Bc4 Nd7 8. c3 e5 9. dxe5 Ncxe5 10. Nxe5 Nxe5 11. Be2 d5 12. Nf3 Nxf3+ 13. Bxf3 c6 14. 0-0 Bf5 15. Re1 Re8 16. Qb3 Qe7 17. a4 Rad8 18. a5 a6 19. Red1 Rd7 20. Rd2 Red8 21. Rad1 h5 22. Bg3 Bf6 23. Qa4 Kf8 24. Qf4 h4 25. Bh2 Be4 26. Bxe4 dxe4 27. Rxd7 Rxd7 28. Rxd7 Qxd7 29. Qb8+ Qd8 30. Kf1 Ke8 31. Ke2 Qxb8 32. Bxb8 c5 33. Bd6 c4 34. Kd2 Kd7 35. Bb4 Kc6 36. Kc2 Bd8 37. b3 Kb5 38. Kb2 f5 39. bxc4+ Kxc4 40. Kc2 Bf6 41. f3 exf3 42. gxf3 g5 43. Kd2 g4 44. fxg4 fxg4 45. hxg4 h3 46. Bd6 Kd5 47. Bh2 Be5 48. Bg1 Ke4 0-1

[Event "Crailsheim op 1st"]
[Site "Crailsheim"]
[Date "1995.??.??"]
[Round "?"]
[White "Mueller, Kai Markus"]
[Black "Albrecht, Ulrich"]
[Result "0-1"]
[WhiteElo "1870"]
[BlackElo "2125"]
[PlyCount "56"]
[EventDate "1995.??.??"]
[EventType "swiss"]
[EventRounds "7"]
[EventCountry "GER"]
[SourceTitle "EXT 1999"]
[Source "ChessBase"]
[SourceDate "1998.11.16"]
[SourceVersion "1"]
[SourceVersionDate "1998.11.16"]
[SourceQuality "1"]

1. d4 d6 2. c4 e5 3. d5 f5 4. e4 fxe4 5. Nc3 Nf6 6. Bg5 Bf5 7. Nge2 Be7 8. Ng3 Bg6 9. Bxf6 gxf6 10. Ncxe4 f5 11. Nc3 Nd7 12. Nh5 0-0 13. Be2 Nf6 14. Nxf6+ Bxf6 15. Qd2 Qe7 16. f4 exf4 17. 0-0-0 Rfe8 18. Bf3 Qe3 19. Rhe1 Qxd2+ 20. Kxd2 a6 21. b3 Re3 22. Nb1 Rae8 23. Re2 Kg7 24. Rc1 b6 25. Nc3 Kh6 26. Nd1 R3e5 27. Nf2 Bh5 28. Nd3 Rxe2+ 0-1

[Event "Crailsheim op 1st"]
[Site "Crailsheim"]
[Date "1995.??.??"]
[Round "?"]
[White "Schilpp, Roland"]
[Black "Albrecht, Ulrich"]
[Result "1-0"]
[WhiteElo "1870"]
[BlackElo "2125"]
[PlyCount "73"]
[EventDate "1995.??.??"]
[EventType "swiss"]
[EventRounds "7"]
[EventCountry "GER"]
[SourceTitle "EXT 1999"]
[Source "ChessBase"]
[SourceDate "1998.11.16"]
[SourceVersion "1"]
[SourceVersionDate "1998.11.16"]
[SourceQuality "1"]

1. e4 c6 2. d4 d5 3. Nc3 g6 4. exd5 cxd5 5. Bf4 a6 6. Bd3 Nc6 7. Nce2 Nb4 8. Ng3 Nxd3+ 9. Qxd3 Bg7 10. c3 f6 11. N1e2 Nh6 12. Qd2 Nf7 13. Rd1 Qa5 14. b3 Bd7 15. h4 Rc8 16. h5 g5 17. Be3 h6 18. f4 0-0 19. Qc2 Nd6 20. Qg6 Be8 21. Qc2 Bf7 22. Bd2 Qc7 23. Nf5 Ne4 24. Rc1 Rfe8 25. Neg3 Nxd2 26. Qxd2 Bf8 27. fxg5 fxg5 28. Qf2 e6 29. Ne3 e5 30. 0-0 exd4 31. cxd4 Qxc1 32. Rxc1 Rxc1+ 33. Kh2 Rec8 34. Qf6 R8c6 35. Qf5 Rd6 36. Ng4 Be6 37. Qg6+ 1-0

[Event "Crailsheim op 1st"]
[Site "Crailsheim"]
[Date "1995.??.??"]
[Round "?"]
[White "Steinbach, Peter"]
[Black "Albrecht, Ulrich"]
[Result "0-1"]
[WhiteElo "1840"]
[BlackElo "2125"]
[PlyCount "72"]
[EventDate "1995.??.??"]
[EventType "swiss"]
[EventRounds "7"]
[EventCountry "GER"]
[SourceTitle "EXT 1999"]
[Source "ChessBase"]
[SourceDate "1998.11.16"]
[SourceVersion "1"]
[SourceVersionDate "1998.11.16"]
[SourceQuality "1"]

1. e4 c6 2. d4 d5 3. e5 Bf5 4. Nc3 Qb6 5. f4 e6 6. Nf3 c5 7. Bd3 Nh6 8. h3 Bxd3 9. Qxd3 Nf5 10. Ne2 Nc6 11. c3 cxd4 12. cxd4 h5 13. 0-0 Be7 14. Bd2 Kd7 15. Kh2 f6 16. Bc3 h4 17. Rg1 Bf8 18. Rad1 Rc8 19. a3 a6 20. g4 hxg3+ 21. Nxg3 Nxg3 22. Rxg3 Ne7 23. Rdg1 Nf5 24. Rg6 Qd8 25. exf6 gxf6 26. Rg8 Rxg8 27. Rxg8 Qc7 28. Rg4 Bd6 29. Qd2 Rh8 30. Kg1 Rxh3 31. Qg2 Rh7 32. Qd2 b6 33. Ne1 Kc6 34. Nd3 Rg7 35. Nf2 Bxf4 36. Qe2 Ne3 0-1